| 000 | 00772nam a22002177a 4500 | ||
|---|---|---|---|
| 003 | 0 | ||
| 005 | 20250827110632.0 | ||
| 008 | 250827b xxu||||| |||| 00| 0 eng d | ||
| 020 | _a978-1-03-250169-7 | ||
| 050 |
_aP 94.5.M552 _b.S65 2024 |
||
| 100 |
_aSpitzberg, Brian H., _eauthor. |
||
| 245 |
_aTheorizing mediated information distortion : _bthe COVID-19 infodemic and beyond / _cBrian H. Spitzberg. |
||
| 260 |
_aNew York, NY : _bRoutledge, _c2024. |
||
| 300 |
_axv, 295 pages : _billustrations ; _c24 cm. |
||
| 504 | _aIncludes bibliographical references and index. | ||
| 650 |
_aMisinformation _xSocial aspects. |
||
| 650 |
_aDisinformation _xSocial aspects. |
||
| 650 |
_aMass media _xInfluence. |
||
| 650 |
_aCOVID-19 Pandemic, 2020 _xInfluence. |
||
| 942 |
_2lcc _cBK |
||
| 999 |
_c367634 _d367634 |
||